• 首页
  • 本馆介绍
  • 公告通知
  • 最新文献
  • 馆藏检索
  • 电子资源
  • 读者导购
  • 参考咨询
  • 我的图书馆
  • 登录
  • 详细信息显示
  • 放入我的书架
  • 预约/预借图书
  • 作者相关作品
  • 分类相关作品
  • 丛书相关作品
  • 出版社相关作品

书目信息

  • 表格格式
  • 工作单格式
  • 卡片格式
题名:
图书编目
    
 
作者: 肖凤生 编著
分册:  
出版信息: 南宁   广西人民出版社  1983
页数: 158页
开本: 19cm
丛书名:
单 册:
中图分类: G254.3
科图分类:
主题词: 图书编目--专业教育--教材
电子资源:
ISBN:
000 00603nam0 2200229 45
001 0183008575
005 20060728110022.98
010    @dCNY0.46
091    @aCN@b7113.460
100    @a19960215d1983 em y0chiy0121 ea
101 0  @achi
102    @aCN@b450000
105    @ay z 000yy
200 10 @a图书编目@Atu shu bian mu@f肖凤生编著
210    @a南宁@c广西人民出版社@d1983
215    @a158页@d19cm
300    @a图书馆专业进修教材
606    @a图书编目@x专业教育@x教材
690    @aG254.3@v3
701  0 @a肖凤生@Axiao feng sheng@4编著
801  0 @aCN@bTSSF@c20060728
905    @a10447@dG254.3@e71
    
    图书编目/肖凤生编著.-南宁:广西人民出版社,1983
    158页;19cm
    图书馆专业进修教材
    
    ISBN :CNY0.46
    
●
相关链接 在E读中查询图书 在五车中查询图书 在当当中查询图书 在豆瓣中查询图书


正题名:图书编目     索取号:G254.3/71         预约/预借

序号 登录号 条形码 馆藏地/架位号 状态 备注
1 0440381   204403813   密集书库/ [索取号:G254.3/71] 在馆    
唐山师范学院图书馆 欢迎您!
大连网信软件有限公司© 版权所有